000 00688nam a22002297a 4500
003 UA-OsUOA
001 87379
007 ta
008 20120918b un ||||| |||| 00| 0 ukr d
100 _aСоболева Е. В.
090 _a06:94(47+571)
_bС54
942 _cBK
040 _aUA-OsUOA
_brus
_cUA-OsUOA
_dUA-OsUOA
245 _aБородьба за реорганизацию Петербургской Академии наук в середине ХІХ века
300 _a200 с.
955 _a2
041 _arus
080 _a06:94(47+571)
260 _aЛенинград
_bНаука
_c1971
650 7 _a0 Загальний відділ.
_2UDC
999 _c373647
_d373647